Thiên hương tiêu

Salvato in:
Dettagli Bibliografici
Autore principale: Ngọa, Long Sinh
Natura: Libro
Lingua:Undetermined
Pubblicazione: Hà Nội Văn học 2005
Soggetti:
Tags: Aggiungi Tag
Nessun Tag, puoi essere il primo ad aggiungerne! !
Thư viện lưu trữ: Trung tâm Học liệu Trường Đại học Cần Thơ
LEADER 00525nam a2200181Ia 4500
001 CTU_128387
008 210402s9999 xx 000 0 und d
082 |a 895.13 
082 |b S312/T.4 
100 |a Ngọa, Long Sinh 
245 0 |a Thiên hương tiêu 
245 0 |c Ngọa Long Sinh; Hồ Tiến Huân biên dịch 
260 |a Hà Nội 
260 |b Văn học 
260 |c 2005 
650 |a Chinese fiction ( Vietnamese ) 
904 |i Minh 
980 |a Trung tâm Học liệu Trường Đại học Cần Thơ